[Event "Guzinsky Memorial-B 6th"]
[Site "Lazy"]
[Date "2013.04.28"]
[Round "2"]
[White "Krzywnicka, Maria"]
[Black "Cwirko, Mateusz"]
[Result "1-0"]
[WhiteElo "1320"]
[BlackElo "1424"]
[PlyCount "51"]
[EventDate "2013.04.28"]
[EventType "swiss"]
[EventRounds "9"]
[EventCountry "POL"]
[SourceTitle "EXT 2015"]
[Source "ChessBase"]
[SourceDate "2014.11.20"]
[SourceVersion "1"]
[SourceVersionDate "2014.11.20"]
[SourceQuality "1"]

1. e4 c5 2. Nc3 Nc6 3. g3 e6 4. Bg2 a6 5. d3 d6 6. f4 Be7 7. Nf3 Nf6 8. 0-0 0-0 9. h3 Nd7 10. Ne2 b5 11. g4 Nb6 12. b3 Bf6 13. Rb1 Qc7 14. g5 Be7 15. Qe1 Qd8 16. Qg3 d5 17. Nh2 Bb7 18. f5 exf5 19. exf5 Bd6 20. Qh4 Re8 21. Nf4 Nb4 22. Ng4 Nxc2 23. Nh5 Nd4 24. Nhf6+ gxf6 25. Nxf6+ Kh8 26. Qxh7# 1-0

[Event "Koszalin op"]
[Site "Koszalin"]
[Date "2012.??.??"]
[Round "4"]
[White "Pilat, Wieslaw"]
[Black "Cwirko, Mateusz"]
[Result "1-0"]
[WhiteElo "1916"]
[BlackElo "1405"]
[PlyCount "83"]
[EventDate "2012.01.06"]
[EventType "swiss"]
[EventRounds "9"]
[EventCountry "POL"]
[SourceTitle "CBM 146 Extra"]
[Source "ChessBase"]
[SourceDate "2012.02.29"]
[SourceVersion "1"]
[SourceVersionDate "2012.02.29"]
[SourceQuality "1"]

1. f4 d5 2. Nf3 Nc6 3. e3 Nf6 4. b3 g6 5. Bb2 Bg7 6. c4 0-0 7. Nc3 b6 8. Be2 Bb7 9. d4 Re8 10. 0-0 dxc4 11. bxc4 e6 12. Ba3 Ne7 13. Ne5 Nf5 14. Qd3 Bf8 15. Bxf8 Kxf8 16. Bf3 Bxf3 17. Rxf3 Kg7 18. Rd1 Nd7 19. g4 Nd6 20. g5 Nxe5 21. dxe5 Nxc4 22. Qxc4 Qe7 23. e4 Rad8 24. Rfd3 Rxd3 25. Rxd3 Rd8 26. Kf2 Rxd3 27. Qxd3 Qc5+ 28. Qe3 Qxe3+ 29. Kxe3 c6 30. Kd4 Kf8 31. Nd1 Ke7 32. Ne3 Kd7 33. Ng4 c5+ 34. Kc3 b5 35. Nf6+ Kc6 36. Nxh7 a5 37. Nf8 a4 38. h4 a3 39. Nxg6 b4+ 40. Kc4 fxg6 41. h5 gxh5 42. g6 1-0